|
|
|
|
| LEADER |
00000cam a2200000 a 4500 |
| 001 |
vtls008343640 |
| 003 |
SK-MaSNL |
| 005 |
20260302074441.0 |
| 008 |
190102s1967 xo f p 000 0 slo |
| 015 |
|
|
|a SNBA1967/08-01324
|
| 035 |
|
|
|a SK01SNK19670035857
|
| 035 |
|
|
|a SKM000038320
|
| 040 |
|
|
|a SNK
|b slo
|c SNK
|e AACR2
|
| 041 |
1 |
|
|a slo
|
| 044 |
|
|
|a xo
|c SK
|
| 080 |
|
|
|a 631.8(075.8)(076.5)
|2 1981
|
| 245 |
0 |
0 |
|a Praktikum agrochémie
|c V. Benko ... [et al.]
|
| 250 |
|
|
|a 3. dopl. a preprac. vyd.
|
| 260 |
|
|
|a Bratislava
|b Slovenské vydavateľstvo pôdohospodárskej literatúry
|c 1967
|e Nitra
|f Západoslovenské tlačiarne
|
| 300 |
|
|
|a 174, s.
|b ilustr., sch., tab.
|c 4°
|
| 366 |
|
|
|e 600 výtl.
|
| 490 |
1 |
|
|a Dočasné vysokoškolské učebnice
|v zv. 8/1967
|
| 500 |
|
|
|a Vydané pre VŠP v Nitre
|
| 650 |
0 |
7 |
|a agrochémia
|2 SNKPH
|9 29503
|
| 655 |
|
7 |
|a učebnice vysokých škôl
|2 SNKPH
|9 70191
|
| 655 |
|
7 |
|a praktické cvičenia
|2 SNKPH
|9 70517
|
| 700 |
1 |
|
|a Benko, Vladimír,
|d 1922-2009
|4 aut
|9 213843
|
| 830 |
|
0 |
|a Dočasné vysokoškolské učebnice
|9 278602
|
| 958 |
|
|
|a TL
|
| 958 |
|
|
|a UV
|
| 958 |
|
|
|a NB
|
| 958 |
|
|
|a RK
|
| 958 |
|
|
|a OND
|
| 999 |
|
|
|c 1165085
|d 1167015
|
| 952 |
|
|
|a SNK
|b SNK
|y PREZ
|7 0
|p 17A0838887
|o snkSB 13602
|0 0
|1 0
|4 0
|d 2012-07-23
|l 0
|r 2025-03-14 00:00:00
|w 2026-02-24
|
| 952 |
|
|
|t P60, <03>, [BOOK], {603}
|a SNK
|b SNK
|y PREZ
|7 0
|o snkSB 13602
|i snkKSP 5368/67
|0 0
|1 0
|4 0
|d 1997-01-23
|l 0
|r 2005-01-01 00:00:00
|w 2026-02-24
|
| 952 |
|
|
|t P60, <04>, [BOOK], {604}
|a SNK
|b SNK
|y VYP
|7 0
|o snkSB 13602 D1
|i snkKSP 5369/67
|0 0
|1 0
|4 0
|d 1997-01-23
|l 0
|r 2005-01-01 00:00:00
|w 2026-02-24
|